Southville International School and Colleges
Your cart is empty.
  • Cart
  • Lists
    Public lists Eva Luna New books Lux_list list_1
    Your lists Log in to create your own lists
  • Log in to your account
  • Your cookies
  • Search history
Southville International School and Colleges
  • Advanced search
  • Recent comments
  • Most popular
  • Libraries

Log in to your account

Log in with GOOGLE


If you do not have an external account, but do have a local account, you can still log in:

  1. Home
  2. MARC view: Fun with PC storyboard /
Normal view MARC view ISBD view

Fun with PC storyboard / (Record no. 103612)

[ view plain ]
MARC details
000 -LEADER
fixed length control field 00536nam a2200169 a 4500
005 - DATE AND TIME OF LATEST TRANSACTION
control field 20140412111304.0
008 - FIXED-LENGTH DATA ELEMENTS--GENERAL INFORMATION
fixed length control field 001117s19uu xx 00 eng d
020 ## - INTERNATIONAL STANDARD BOOK NUMBER
International Standard Book Number 971-8613-81-1
050 ## - LIBRARY OF CONGRESS CALL NUMBER
Classification number M 005.13
Item number C47 1990
100 ## - MAIN ENTRY--PERSONAL NAME
Personal name Chua Chooi See
245 ## - TITLE STATEMENT
Title Fun with PC storyboard /
Statement of responsibility, etc Chua Chooi See.
260 ## - PUBLICATION, DISTRIBUTION, ETC. (IMPRINT)
Place of publication, distribution, etc Kuala Lumpur :
Name of publisher, distributor, etc Federal Pub,
Date of publication, distribution, etc 1990.
300 ## - PHYSICAL DESCRIPTION
Extent 85 p. ; ill.
650 ## - SUBJECT ADDED ENTRY--TOPICAL TERM
Topical term or geographic name as entry element PC Storyboard (Computer language) -- Handbooks, manuals, etc.
650 ## - SUBJECT ADDED ENTRY--TOPICAL TERM
Topical term or geographic name as entry element Computer graphics -- Handbooks, manuals, etc.
Holdings
Withdrawn status Lost status Damaged status Use restrictions Home library Current library Shelving location Date acquired Source of acquisition Total Checkouts Full call number Barcode Date last seen Price effective from Koha item type
        Elizalde Library Elizalde Library Main Section 11/17/2000     M 005.13 C47 1990 E5456 04/12/2014 04/12/2014 Books

Fun with PC storyboard /

APA

Chua Chooi See, . (1990). Fun with PC storyboard. Kuala Lumpur: Federal Pub.

Chicago

Chua Chooi See, . 1990. Fun with PC storyboard. Kuala Lumpur: Federal Pub.

Harvard

Chua Chooi See, . (1990). Fun with PC storyboard. Kuala Lumpur: Federal Pub.

MLA

Chua Chooi See, . Fun with PC storyboard. Kuala Lumpur: Federal Pub. 1990.

  • Place hold
  • Print
  • Cite
  • Add to your cart (remove)
  • Save record
    BIBTEX Dublin Core MARCXML MARC (non-Unicode/MARC-8) MARC (Unicode/UTF-8) MARC (Unicode/UTF-8, Standard) MODS (XML) RIS
  • More searches
    Search for this title in:
    Other Libraries (WorldCat) Other Databases (Google Scholar) Online Stores (Bookfinder.com) Open Library (openlibrary.org)

Exporting to Dublin Core...

SOUTHVILLE LIBRARY

Southville International School and Colleges Library

1281 Tropical Ave. Cor. Luxembourg St., BF Homes International, Las Pinas City

Tel. No. 8256374 / 252358 Loc. 117/146

Powered by Koha